| 000 | 01077nas a2200349 4500 | ||
|---|---|---|---|
| 001 | BR2019001764 | ||
| 003 | BR-BrBNA | ||
| 005 | 20231205131954.0 | ||
| 007 | ta | ||
| 008 | 230509b bl.|||p| |||| 00| 00por d | ||
| 040 |
_aBR-BrBNA _bpor _cBiblioteca Nacional de Agricultura |
||
| 041 | _a(En) | ||
| 072 | _aF30 | ||
| 100 | 1 | _aValadares, R. de N. | |
| 100 | 1 | _aNóbrega, D.A. | |
| 100 | 1 | _aLima, L.B. de | |
| 100 | 1 | _aMendes, A.Q. | |
| 100 | 1 | _aSilva, F.S. | |
| 100 | 1 | _aMelo, R. de A. | |
| 100 | 1 | _aMenezes, D. | |
| 245 | 1 | _aGenetic divergence among eggplant genotypes under high temperatures | |
| 650 | _aBERINJELA | ||
| 650 | _aCULTIVO PROTEGIDO | ||
| 650 | _aCARACTERÍSTICAS AGRONÔMICAS | ||
| 650 | _aGENÓTIPO | ||
| 650 | _aVARIAÇÃO GENÉTICA | ||
| 650 | _aMELHORAMENTO VEGETAL | ||
| 773 | 0 |
_tHorticultura Brasileira (Brazil) _xISSN 1806-9991 _g(Jul-Sep 2019), v. 37(3) p. 272-277 _wBR2019001764 |
|
| 856 | 4 | 0 | _uhttp://www.scielo.br/pdf/hb/v37n3/1806-9991-hb-37-03-272.pdf |
| 909 |
_a202311 _bLúcia _c55 _dLúcia Elande |
||
| 942 |
_2AGRIS _n0 _cANA |
||
| 999 |
_c257753 _d257753 |
||